000 00539nam a2200193Ia 4500
001 55982
008 170914n ii |||gr||||Z||||||465
020 _a9788171101382
082 _a294.59212
245 0 _aRgveda Samhita :
_bVol- 111 /
_cH.H. Wilson Translated by .
_hTextual Documents
250 _a2nd ed.
260 _aDelhi:
_bParimal Publications.,
_c2001.
300 _a706pg:
_c20cm.
653 _aSanskrit
653 _aDeptt- Sanskrit
653 _aRgveda Samhita
700 _aWilson , H.H. ,
_eTranslator.,
942 _2ddc
_cBK
999 _c55906
_d55906